Chaîne de lettres Pokémon 1g - Statistiques

Statistiques générales
  • Ce quiz a été pris 98 fois
  • Le résultat moyen est 11 sur 15
Statistiques - réponses
Hint Réponse % Correct
Starter Eau Carapuce
100%
Il a neuf évolution Évoli
100%
Évolution de krabby Krabboss
89%
Pokémon de type spectre Spectrum
88%
Pokémon se battant avec un os ayant reçu une forme régional Ossatueur
86%
Petit pokémon trouvable sur la route 1 Rattata
85%
Accompagne les infirmières Joëlle Leveinard
84%
Évolution du starter Feu Reptincel
84%
Évolution de Piafabec Rapasdepic
80%
Pokémon iconique de Jessie lors de la saison 1 Arbok
73%
Légendaire dans la central abandonné Électhor
72%
Pseudo-légendaire Dracolosse
64%
Stade intermédiaire de la seule famille de type poison vol Nosferalto
53%
Il peut évoluer avec une obsidienne Insecateur
50%
En 4g il pouvait évoluer si il gagnait un niveau au mont couronné Magnéton
42%
Aucun quiz correspondant
Distribution des résultats
% des personnes avec chaque résultat
Percentile par nombre de réponses
Votre historique - résultats
Vous n’avez pas pris ce quiz